Range Rede, Revista de Literatura
El CIICLA tiene el ejemplar del Año 1, número, Otoño de 1995 -- Joao Cabral: marcas / Antonio Carlos Sechhin -- A disposicao das coisas em Joao Cabral de Melo Neto / Carlos Alberto Sepúlveda -- Notas sobre uma inteligencia plástica / Eucanaa Ferraz -- A aarte de construir portas / Danielle Corpas --...
Gorde:
| Formatua: | Liburua |
|---|---|
| Hizkuntza: | Spanish Portuguese |
| Argitaratua: |
Rio de Janeiro, Brasil:
Editora Erca,
1995
|
| Gaiak: | |
| Etiketak: |
Etiketa erantsi
Etiketarik gabe, Izan zaitez lehena erregistro honi etiketa jartzen!
|
MARC
| LEADER | 00000nam a22000007a 4500 | ||
|---|---|---|---|
| 008 | 150505s1995 bl |r|||| 000 0 spa d | ||
| 040 | |a CRU CIICLA | ||
| 041 | |a por | ||
| 090 | |a Range Rede Revista | ||
| 245 | 1 | 0 | |a Range Rede, Revista de Literatura |
| 260 | |a Rio de Janeiro, Brasil: |b Editora Erca, |c 1995 | ||
| 300 | |a vólumenes | ||
| 520 | |a El CIICLA tiene el ejemplar del Año 1, número, Otoño de 1995 -- Joao Cabral: marcas / Antonio Carlos Sechhin -- A disposicao das coisas em Joao Cabral de Melo Neto / Carlos Alberto Sepúlveda -- Notas sobre uma inteligencia plástica / Eucanaa Ferraz -- A aarte de construir portas / Danielle Corpas -- Joao Cabral e a ironia iconica / Sebastiao Uchoa Leite -- Entre margens: equilibrio-faca / Cristina Monteiro Mendes -- Algumas consideracoes sobre as licoes da estéteca-Cabral / Moacir de Sousa -- Uma leitura de "Grailiano Ramos": o poema de Joao Cabral de Melo Neto / Domício Proenca Filho. | ||
| 650 | 1 | 4 | |a LITERATURA BRASILEÑA |v PUBLICACIONES PERIODICAS |
| 942 | |2 ddc |c CR | ||
| 999 | |c 4076 |d 4076 | ||
